WWE Tag Team Finisher Moves - Statistics

General Stats
  • This quiz has been taken 458 times
  • The average score is 5 of 15
Answer Stats
Tag Team Finishing Move % Correct
The Dudley Boyz 3D
96%
Kane & The Undertaker Double Chokeslam
60%
The New Day Midnight Hour
56%
The Revival Shatter Machine
55%
The Road Warriors / Legion of Doom Doomsday Device
46%
The Hart Foundation Hart Attack
43%
Luke Gallows & Karl Anderson Magic Killer
41%
The Authors of Pain / AOP The Last Chapter
20%
American Alpha Grand Amplitude
16%
MNM Snapshot
13%
The Brainbusters Spike Piledriver
10%
Demolition Demolition Decapitation
7%
La Resistance Bonsoir / Au Revoir
5%
Deuce 'n' Domino Crack 'em in da Mouth
4%
The Rockers Rocker-Plex
4%
No matching quizzes found
Score Distribution
Percent of People with Each Score
Percentile by Number Answered
Your Score History
You have not taken this quiz